[Event "BUL-chT (Women) 48th"]
[Site "Sunny Beach"]
[Date "2015.05.31"]
[Round "1.4"]
[White "Genova, Liubka"]
[Black "Zlatanova, Emilia"]
[Result "1/2-1/2"]
[WhiteElo "2224"]
[BlackElo "1988"]
[PlyCount "63"]
[EventDate "2015.05.31"]
[EventType "team-tourn"]
[EventRounds "7"]
[EventCountry "BUL"]
[SourceTitle "CBM 166 Extra"]
[Source "ChessBase"]
[SourceDate "2015.06.18"]
[SourceVersion "1"]
[SourceVersionDate "2015.06.18"]
[SourceQuality "1"]
[WhiteTeam "Sofia CSKA (W)"]
[BlackTeam "Pernik Krakra Pernishki (W)"]
[WhiteTeamCountry "BUL"]
[BlackTeamCountry "BUL"]

1. e4 e5 2. Nf3 Nc6 3. Nc3 Nf6 4. d4 exd4 5. Nxd4 Bb4 6. Nxc6 bxc6 7. Bd3 d5 8. exd5 cxd5 9. 0-0 0-0 10. Bg5 c6 11. Na4 Bd6 12. c4 Be6 13. Rc1 h6 14. Bh4 Bf4 15. Rc3 Be5 16. Rc2 dxc4 17. Bxc4 Qxd1 18. Rxd1 Rfd8 19. Re1 Bf5 20. Rce2 Rd4 21. Rxe5 Rxc4 22. Bxf6 Rxa4 23. Rxf5 gxf6 24. a3 Rb8 25. Re2 Rxa3 26. g4 Ra4 27. h3 Kg7 28. Rc5 Rb6 29. Rec2 Rab4 30. Rxc6 Rxb2 31. Rxb2 Rxc6 32. Ra2 1/2-1/2

[Event "BUL-chT (Women) 47th"]
[Site "Sunny Beach"]
[Date "2014.09.19"]
[Round "1.2"]
[White "Zlatanova, Emilia"]
[Black "Nikolova, Adriana"]
[Result "1/2-1/2"]
[WhiteElo "2024"]
[BlackElo "2334"]
[PlyCount "107"]
[EventDate "2014.09.19"]
[EventType "team-tourn"]
[EventRounds "7"]
[EventCountry "BUL"]
[SourceTitle "EXT 2015"]
[Source "ChessBase"]
[SourceDate "2014.11.20"]
[SourceVersion "1"]
[SourceVersionDate "2014.11.20"]
[SourceQuality "1"]
[WhiteTeam "Pernik Krakra Pernishki (W)"]
[BlackTeam "Plovdiv Lokomotiv 2000 (W)"]
[WhiteTeamCountry "BUL"]
[BlackTeamCountry "BUL"]

1. e4 c5 2. Nc3 Nc6 3. g3 g6 4. Bg2 Bg7 5. d3 Rb8 6. Be3 d6 7. Qd2 b5 8. h4 b4 9. Nd1 h5 10. Ne2 Nd4 11. 0-0 Nxe2+ 12. Qxe2 Nf6 13. e5 dxe5 14. Bxc5 Qc7 15. Be3 0-0 16. d4 Ng4 17. dxe5 Qxe5 18. Re1 Nxe3 19. Nxe3 Qxb2 20. Rab1 Qe5 21. Nd5 Qxe2 22. Rxe2 e6 23. Rxb4 Ba6 24. Ne7+ Kh7 25. Ree4 Bf6 26. Nc6 Rbc8 27. Re3 Rc7 28. Ra3 Be2 29. Rxa7 Rxa7 30. Nxa7 Rd8 31. Nc6 Rd1+ 32. Kh2 Rd2 33. a4 Rxc2 34. a5 Ra2 35. Rb6 Kg7 36. Rb7 Bc4 37. Kg1 Ra1+ 38. Kh2 Be2 39. Be4 Bf1 40. Bf3 Ra3 41. Be4 Ra2 42. Kg1 Ba6 43. Rb6 Be2 44. Rb7 Ra1+ 45. Kh2 Rf1 46. Kg2 Re1 47. Bf3 Bf1+ 48. Kh2 Rc1 49. Be4 Rc4 50. Bf3 Rc5 51. Kg1 Rc1 52. Kh2 Rc5 53. Kg1 Rc1 54. Kh2 1/2-1/2

[Event "BUL-ch (Women) 60th"]
[Site "Bankia"]
[Date "2011.04.19"]
[Round "9"]
[White "Zlatanova, Emilia"]
[Black "Raeva, Elitsa"]
[Result "0-1"]
[WhiteElo "2024"]
[BlackElo "2308"]
[PlyCount "88"]
[EventDate "2011.04.12"]
[EventType "tourn"]
[EventRounds "11"]
[EventCountry "BUL"]
[SourceTitle "CBM 141 Extra"]
[Source "ChessBase"]
[SourceDate "2011.05.03"]
[SourceVersion "1"]
[SourceVersionDate "2011.05.03"]
[SourceQuality "1"]

1. e4 c5 2. Nf3 d6 3. d4 cxd4 4. Nxd4 Nf6 5. Nc3 a6 6. Be2 e5 7. Nf3 Be7 8. Bg5 Nbd7 9. Nd2 b5 10. Bxf6 Nxf6 11. Nd5 Nxd5 12. exd5 0-0 13. 0-0 Bb7 14. c4 bxc4 15. Nxc4 Rc8 16. b4 Ba8 17. a4 Rb8 18. Rb1 f5 19. a5 e4 20. Nb6 Bg5 21. Bxa6 Bf4 22. Nc4 Rf6 23. g3 Rh6 24. Ne3 Qg5 25. Ng2 Be5 26. f4 exf3 27. Rxf3 Qh5 28. Nh4 f4 29. Rd3 fxg3 30. Qxh5 gxh2+ 31. Kh1 Rxh5 32. Nf3 Bf4 33. Bc4 g5 34. b5 g4 35. Ne1 Rf5 36. Ng2 Be5 37. Ne3 Rf4 38. Ba2 Ra4 39. Bb3 Rxa5 40. Bc4 Ra4 41. b6 Bf4 42. Bb5 Rxb6 43. Bxa4 Rxb1+ 44. Nd1 Be5 0-1

[Event "BUL-ch (Women) 60th"]
[Site "Bankia"]
[Date "2011.04.17"]
[Round "7"]
[White "Zlatanova, Emilia"]
[Black "Ivanova, Simoneta"]
[Result "1-0"]
[WhiteElo "2024"]
[BlackElo "1871"]
[PlyCount "65"]
[EventDate "2011.04.12"]
[EventType "tourn"]
[EventRounds "11"]
[EventCountry "BUL"]
[SourceTitle "CBM 141 Extra"]
[Source "ChessBase"]
[SourceDate "2011.05.03"]
[SourceVersion "1"]
[SourceVersionDate "2011.05.03"]
[SourceQuality "1"]

1. e4 c5 2. Nf3 d6 3. d4 cxd4 4. Nxd4 Nf6 5. Nc3 Nc6 6. Be2 e5 7. Nf3 Be7 8. Bg5 0-0 9. 0-0 a6 10. a4 Be6 11. Bxf6 Bxf6 12. Nd5 Bxd5 13. Qxd5 Qc7 14. c3 Rad8 15. Rfd1 Ne7 16. Qa2 Qc6 17. Nd2 Bg5 18. Nf1 Qxe4 19. Bf3 Qg6 20. Bxb7 a5 21. Bd5 Kh8 22. b4 Rc8 23. Qb3 Rb8 24. b5 Rb6 25. c4 e4 26. Qc3 Nxd5 27. Rxd5 Ra8 28. Rad1 f5 29. Qd4 Rbb8 30. Rxd6 Qh5 31. Ng3 Qg4 32. h3 Qf4 33. Nh5 1-0

[Event "BUL-chB (Women) 60th"]
[Site "Plovdiv"]
[Date "2011.02.10"]
[Round "4"]
[White "Zlatanova, Emilia"]
[Black "Galunova, Tsveta"]
[Result "1-0"]
[WhiteElo "2049"]
[BlackElo "1998"]
[PlyCount "79"]
[EventDate "2011.02.07"]
[EventType "swiss"]
[EventRounds "7"]
[EventCountry "BUL"]
[SourceTitle "CBM 140 Extra"]
[Source "ChessBase"]
[SourceDate "2011.03.01"]
[SourceVersion "1"]
[SourceVersionDate "2011.03.01"]
[SourceQuality "1"]

1. e4 e5 2. Nf3 Nc6 3. Bc4 Bc5 4. c3 Bb6 5. d3 Nf6 6. b4 d6 7. a4 a6 8. Nbd2 0-0 9. Qb3 Ne7 10. a5 Ba7 11. 0-0 Ng6 12. Re1 Nh5 13. d4 Qf6 14. Nf1 Nhf4 15. Be3 Bg4 16. N1d2 h5 17. Qd1 Nh4 18. Bxf4 Qxf4 19. Be2 Nxf3+ 20. Nxf3 Qxe4 21. h3 Bc8 22. Bxa6 Qc6 23. Bf1 Qxc3 24. dxe5 Qxb4 25. Ra4 Qc5 26. Qd2 Bf5 27. Rc1 Qxf2+ 28. Qxf2 Bxf2+ 29. Kxf2 Bd7 30. Raa1 c6 31. exd6 Rfe8 32. Re1 Rxe1 33. Rxe1 Be6 34. Nd4 Rxa5 35. Nxe6 fxe6 36. Rxe6 Kf8 37. d7 Ra8 38. Be2 Kf7 39. Re8 Rxe8 40. Bxh5+ 1-0

[Event "Kesarovski Georgiev Memorial 8th"]
[Site "Sunny Beach"]
[Date "2009.09.09"]
[Round "4"]
[White "Zlatanova, Emilia"]
[Black "Raeva, Elitsa"]
[Result "0-1"]
[WhiteElo "2071"]
[BlackElo "2248"]
[PlyCount "72"]
[EventDate "2009.09.07"]
[EventType "swiss"]
[EventRounds "9"]
[EventCountry "BUL"]
[SourceTitle "CBM 132 Extra"]
[Source "ChessBase"]
[SourceDate "2009.11.03"]
[SourceVersion "1"]
[SourceVersionDate "2009.11.03"]
[SourceQuality "1"]

1. e4 c5 2. Nc3 Nc6 3. g3 g6 4. Bg2 Bg7 5. d3 e6 6. Be3 d6 7. Qd2 Rb8 8. h4 h6 9. Nh3 Nf6 10. f3 b5 11. Nd1 b4 12. Nhf2 a5 13. Ng4 Nxg4 14. fxg4 Ne5 15. Nf2 a4 16. 0-0 Ba6 17. g5 h5 18. Bf4 c4 19. Rfd1 c3 20. bxc3 bxc3 21. Qe1 Nc6 22. e5 Nxe5 23. d4 Nc4 24. Bc6+ Ke7 25. Qxc3 Qb6 26. Qf3 Rhc8 27. Be4 Nb2 28. Rd2 Bxd4 29. Rxd4 Qxd4 30. Re1 Rc3 31. Be3 Qe5 32. Qg2 Nc4 33. Bf4 Qa5 34. Rd1 e5 35. Bd5 Ne3 36. Bxe3 Rxe3 0-1

[Event "Kesarovski Georgiev Memorial 8th"]
[Site "Sunny Beach"]
[Date "2009.09.08"]
[Round "2"]
[White "Zlatanova, Emilia"]
[Black "Tashkov, Rumen"]
[Result "0-1"]
[WhiteElo "2071"]
[BlackElo "2236"]
[PlyCount "68"]
[EventDate "2009.09.07"]
[EventType "swiss"]
[EventRounds "9"]
[EventCountry "BUL"]
[SourceTitle "CBM 132 Extra"]
[Source "ChessBase"]
[SourceDate "2009.11.03"]
[SourceVersion "1"]
[SourceVersionDate "2009.11.03"]
[SourceQuality "1"]

1. e4 d6 2. d4 Nf6 3. Nc3 g6 4. f3 c6 5. Be3 Qb6 6. Qc1 Nbd7 7. e5 Nd5 8. Nxd5 cxd5 9. exd6 Qxd6 10. Bf4 Qb6 11. c3 Bg7 12. a4 0-0 13. a5 Qc6 14. Ne2 Re8 15. Kf2 f6 16. g3 e5 17. Be3 b6 18. Bg2 Rb8 19. Re1 Qc7 20. axb6 axb6 21. Qd2 Bb7 22. Ra7 Ra8 23. Rea1 Rxa7 24. Rxa7 Qb8 25. Ra1 Bc6 26. b3 Qb7 27. Qa2 Qc7 28. Qd2 Qb7 29. Bh3 e4 30. Qa2 exf3 31. Nf4 f5 32. Qa7 Qc8 33. Kxf3 g5 34. Bxf5 Ne5+ 0-1

[Event "Kesarovski Georgiev Memorial 7th"]
[Site "Sunny Beach"]
[Date "2008.09.10"]
[Round "3"]
[White "Zlatanova, Emilia"]
[Black "Demeridis, Nikolaos"]
[Result "1-0"]
[WhiteElo "2094"]
[BlackElo "1664"]
[PlyCount "55"]
[EventDate "2008.09.08"]
[EventType "swiss"]
[EventRounds "9"]
[EventCountry "BUL"]
[SourceTitle "CBM 126 Extra"]
[Source "ChessBase"]
[SourceDate "2008.11.05"]
[SourceVersion "1"]
[SourceVersionDate "2008.11.05"]
[SourceQuality "1"]

1. e4 e6 2. d4 d5 3. Nc3 Bb4 4. exd5 exd5 5. Bd3 Nf6 6. Nge2 Be6 7. 0-0 0-0 8. Nf4 c5 9. a3 Bxc3 10. bxc3 c4 11. Be2 Bf5 12. Bf3 Be4 13. Bxe4 Nxe4 14. f3 Nxc3 15. Qd2 Na4 16. Rb1 Nb6 17. a4 Nxa4 18. Rxb7 Nc6 19. Rb5 Nb6 20. Ba3 a6 21. Rbb1 Re8 22. c3 Na5 23. Nh5 g6 24. Rxb6 Qxb6 25. Qh6 gxh5 26. Qxb6 Nb3 27. Qh6 Re2 28. Bd6 1-0

[Event "BUL-ch op (Women)"]
[Site "Vratsa"]
[Date "2008.07.30"]
[Round "8"]
[White "Zlatanova, Emilia"]
[Black "Koen, Maja"]
[Result "1/2-1/2"]
[WhiteElo "2094"]
[BlackElo "2136"]
[PlyCount "88"]
[EventDate "2008.07.25"]
[EventType "swiss"]
[EventRounds "9"]
[EventCountry "BUL"]
[SourceTitle "CBM 125 Extra"]
[Source "ChessBase"]
[SourceDate "2008.09.01"]
[SourceVersion "1"]
[SourceVersionDate "2008.09.01"]
[SourceQuality "1"]

1. e4 d5 2. exd5 Qxd5 3. Nc3 Qd6 4. Nf3 Nf6 5. Be2 c6 6. d3 Bf5 7. g3 Nbd7 8. Ng5 h6 9. Nge4 Bxe4 10. dxe4 Qc7 11. Bf3 e5 12. Qe2 Nc5 13. Bg4 Nxg4 14. Qxg4 Ne6 15. Be3 h5 16. Qh3 0-0-0 17. Rd1 Rxd1+ 18. Kxd1 Kb8 19. Kc1 g6 20. Rd1 Be7 21. f3 Rd8 22. Rxd8+ Qxd8 23. f4 Qd6 24. f5 Nd4 25. fxg6 fxg6 26. Qf1 Qe6 27. h3 g5 28. Nb1 g4 29. hxg4 hxg4 30. Bxd4 exd4 31. Qf5 Qxf5 32. exf5 Kc7 33. Kd2 Kd6 34. Kd3 Ke5 35. Nd2 c5 36. c3 dxc3 37. bxc3 Kxf5 38. a4 Bd6 39. Ne4 Be7 40. c4 Ke5 41. Nf2 Kf5 42. Ne4 b6 43. Ke3 Bf8 44. Kd3 Be7 1/2-1/2

[Event "BUL-ch op (Women)"]
[Site "Vratsa"]
[Date "2008.07.29"]
[Round "7"]
[White "Drakaki, Anna Maria"]
[Black "Zlatanova, Emilia"]
[Result "0-1"]
[WhiteElo "1639"]
[BlackElo "2094"]
[PlyCount "76"]
[EventDate "2008.07.25"]
[EventType "swiss"]
[EventRounds "9"]
[EventCountry "BUL"]
[SourceTitle "CBM 125 Extra"]
[Source "ChessBase"]
[SourceDate "2008.09.01"]
[SourceVersion "1"]
[SourceVersionDate "2008.09.01"]
[SourceQuality "1"]

1. e4 e5 2. Nf3 Nc6 3. Bb5 a6 4. Ba4 Nf6 5. 0-0 Be7 6. Re1 b5 7. Bb3 d6 8. c3 0-0 9. h3 Na5 10. Bc2 c5 11. d4 Nd7 12. d5 Nb6 13. Nbd2 Nb7 14. Qe2 g6 15. Nf1 f5 16. Bh6 Rf7 17. Ne3 f4 18. Ng4 Bxg4 19. hxg4 Qd7 20. g5 c4 21. b4 a5 22. a3 Bd8 23. Nh2 Qc8 24. Reb1 Rc7 25. Bd1 Be7 26. Qg4 Qxg4 27. Bxg4 Nd8 28. f3 Na4 29. Rc1 Kf7 30. Rc2 Nxc3 31. Rxc3 axb4 32. Rcc1 b3 33. Rab1 Rxa3 34. Kf2 c3 35. Nf1 Ra2+ 36. Ke1 b2 37. Rc2 Ra1 38. Nd2 b4 0-1

[Event "BUL-ch op (Women)"]
[Site "Vratsa"]
[Date "2008.07.27"]
[Round "4"]
[White "Zlatanova, Emilia"]
[Black "Krumova, Ani"]
[Result "0-1"]
[WhiteElo "2094"]
[BlackElo "1746"]
[PlyCount "86"]
[EventDate "2008.07.25"]
[EventType "swiss"]
[EventRounds "9"]
[EventCountry "BUL"]
[SourceTitle "CBM 125 Extra"]
[Source "ChessBase"]
[SourceDate "2008.09.01"]
[SourceVersion "1"]
[SourceVersionDate "2008.09.01"]
[SourceQuality "1"]

1. e4 Nf6 2. Nc3 d5 3. e5 Ne4 4. Nf3 Bg4 5. Be2 e6 6. d3 Nxc3 7. bxc3 c5 8. h3 Bh5 9. g4 Bg6 10. Bf4 Nc6 11. h4 h5 12. g5 Qa5 13. Qd2 0-0-0 14. 0-0 Be7 15. a4 f6 16. Rfb1 d4 17. Rb5 Qxc3 18. Qc1 Nb4 19. Bd2 Qxc2 20. Rxb4 Bxd3 21. Bxd3 Qxd3 22. Ne1 Qe4 23. Rab1 Rd7 24. R4b3 fxg5 25. Bxg5 Bxg5 26. Qxc5+ Rc7 27. Qxa7 Bd8 28. Nd3 Qg4+ 29. Kf1 Qh3+ 30. Kg1 Qg4+ 31. Kf1 Rf8 32. Rxb7 Qh3+ 33. Kg1 Qg4+ 34. Kf1 Qh3+ 35. Kg1 Qxd3 36. Qb8+ Kd7 37. Rc1 Qg6+ 38. Kf1 Rxf2+ 39. Kxf2 Bxh4+ 40. Kf1 Qd3+ 41. Kg2 Qg3+ 42. Kh1 Qf3+ 43. Kh2 Bg3+ 0-1

[Event "BUL-ch op (Women)"]
[Site "Vratsa"]
[Date "2008.07.26"]
[Round "2"]
[White "Zlatanova, Emilia"]
[Black "Nikolova, Adriana"]
[Result "1/2-1/2"]
[WhiteElo "2094"]
[BlackElo "2242"]
[PlyCount "229"]
[EventDate "2008.07.25"]
[EventType "swiss"]
[EventRounds "9"]
[EventCountry "BUL"]
[SourceTitle "CBM 125 Extra"]
[Source "ChessBase"]
[SourceDate "2008.09.01"]
[SourceVersion "1"]
[SourceVersionDate "2008.09.01"]
[SourceQuality "1"]

1. e4 c5 2. Nc3 Nc6 3. g3 g6 4. Bg2 Bg7 5. d3 d6 6. Be3 Rb8 7. Qd2 b5 8. f4 b4 9. Nd1 Qb6 10. Nh3 Nf6 11. Nhf2 0-0 12. 0-0 Ng4 13. Nxg4 Bxg4 14. Nf2 Bd7 15. Rab1 Qa6 16. e5 Qxa2 17. Ne4 f5 18. exf6 Bxf6 19. Nxf6+ Rxf6 20. Ra1 Qf7 21. d4 cxd4 22. Bxd4 Rf5 23. Bxa7 Ra8 24. Be3 Rfa5 25. Rxa5 Rxa5 26. Rd1 Kf8 27. b3 Qf6 28. Bd4 Qf5 29. c3 Ra3 30. cxb4 Rxb3 31. Bc3 Rb1 32. h3 Rxd1+ 33. Qxd1 Qe6 34. Qd2 Qc4 35. Kh2 Be6 36. Qe1 Kf7 37. Bf1 Qb3 38. Qd2 Bc4 39. Bg2 d5 40. g4 Qa2 41. Qxa2 Bxa2 42. b5 Nd8 43. Kg1 Ke6 44. Kf2 Kd6 45. Bb4+ Kd7 46. Ke3 Bc4 47. b6 e6 48. Bc5 Kc6 49. Bd4 Nf7 50. Bf3 Nd6 51. Bd1 Bb5 52. Bc2 Nc4+ 53. Kf2 Kb7 54. h4 Be8 55. Bb3 Nxb6 56. f5 Bf7 57. fxe6 Bxe6 58. g5 Kc6 59. Ke3 Nc8 60. Ba4+ Kd6 61. Kf4 Bf5 62. h5 Ne7 63. Bb2 Ke6 64. Be8 Bc2 65. Bf6 Nc8 66. hxg6 hxg6 67. Bd4 Nd6 68. Bc6 Nf5 69. Bf6 Nd6 70. Bd4 Bd1 71. Be5 Nc4 72. Bd4 Na5 73. Be8 Bc2 74. Bb5 Nb3 75. Bf6 Nc5 76. Be8 Nd3+ 77. Ke3 Nb4 78. Kf4 Bf5 79. Ke3 Nc2+ 80. Kd2 Na3 81. Ke3 Nc4+ 82. Kf4 Nd6 83. Ba4 Ne4 84. Bd4 Nd2 85. Ke3 Nc4+ 86. Kf4 Bb1 87. Bb5 Na3 88. Ba4 Be4 89. Bf6 Nc4 90. Bb3 Nd2 91. Ba4 Nf3 92. Bd1 Ne1 93. Bg4+ Bf5 94. Be2 Ng2+ 95. Kf3 Be4+ 96. Kg3 Ne3 97. Kf4 Nc2 98. Bd1 Nb4 99. Be2 Bd3 100. Bd1 Na6 101. Bd4 Nc7 102. Be5 Nb5 103. Ba4 Na3 104. Bd4 Bc2 105. Bc5 Bxa4 106. Bxa3 Bc2 107. Bc5 Kd7 108. Ke5 Kc6 109. Bd4 Be4 110. Ba1 Kb5 111. Kd4 Kb4 112. Bc3+ Kb3 113. Ba5 Kc2 114. Bd8 Kd2 115. Bf6 1/2-1/2

[Event "BUL-chT (Women) 57th"]
[Site "Sunny Beach"]
[Date "2007.10.04"]
[Round "6.1"]
[White "Zlatanova, Emilia"]
[Black "Vladimirova, Maria"]
[Result "1-0"]
[WhiteElo "2088"]
[BlackElo "1998"]
[PlyCount "85"]
[EventDate "2007.09.29"]
[EventType "team"]
[EventRounds "7"]
[EventCountry "BUL"]
[SourceTitle "CBM 120 Extra"]
[Source "ChessBase"]
[SourceDate "2007.11.01"]
[SourceVersion "1"]
[SourceVersionDate "2007.11.01"]
[SourceQuality "1"]

1. e4 c5 2. Nc3 Nc6 3. g3 g6 4. Bg2 Bg7 5. d3 d6 6. f4 e6 7. Be3 Nge7 8. Qd2 b6 9. Nf3 Nd4 10. Nh4 Bb7 11. Nd1 f5 12. c3 Ndc6 13. Nf3 Qd7 14. Qc2 Rc8 15. Nf2 b5 16. Rd1 b4 17. 0-0 0-0 18. Rfe1 Nd4 19. Bxd4 cxd4 20. c4 fxe4 21. dxe4 d5 22. exd5 exd5 23. c5 Nf5 24. Bh3 Qb5 25. Bxf5 Rxf5 26. Nd3 Qc4 27. Qe2 Rc6 28. Qe8+ Rf8 29. Qd7 Rf7 30. Qe8+ Rf8 31. Qe2 Ba6 32. Nfe5 Bxe5 33. Qxe5 Rcf6 34. b3 Qc3 35. Qxd5+ Kh8 36. Ne5 d3 37. Nd7 Rf5 38. Qd6 Rg8 39. Ne5 Bb5 40. c6 Qc2 41. Qd4 Rg7 42. Rc1 d2 43. Nf7+ 1-0

[Event "BUL-chT (Women) 57th"]
[Site "Sunny Beach"]
[Date "2007.10.02"]
[Round "4.1"]
[White "Zlatanova, Emilia"]
[Black "Dragomirescu, Angela"]
[Result "1-0"]
[WhiteElo "2088"]
[BlackElo "2227"]
[PlyCount "90"]
[EventDate "2007.09.29"]
[EventType "team"]
[EventRounds "7"]
[EventCountry "BUL"]
[SourceTitle "CBM 120 Extra"]
[Source "ChessBase"]
[SourceDate "2007.11.01"]
[SourceVersion "1"]
[SourceVersionDate "2007.11.01"]
[SourceQuality "1"]

1. e4 d6 2. d4 Nf6 3. Nc3 g6 4. f3 c6 5. Be3 b5 6. Qd2 Nbd7 7. h4 Nb6 8. b3 Bb7 9. Nh3 Qc7 10. Kf2 a6 11. Rd1 c5 12. e5 b4 13. exf6 bxc3 14. Qe1 Nd5 15. dxc5 e6 16. Rxd5 Bxd5 17. Nf4 Bb7 18. Qxc3 dxc5 19. h5 Bd6 20. Nxe6 fxe6 21. hxg6 0-0-0 22. g7 Rhg8 23. Rh5 Kb8 24. Bxc5 Bg3+ 25. Kg1 Rd1 26. Bd4 Qd7 27. Be5+ Bxe5 28. Qxe5+ Ka8 29. Rxh7 Qe8 30. Qh5 Qxh5 31. Rxh5 Rdd8 32. Rh7 Rc8 33. f7 Rgd8 34. Bc4 Bd5 35. Bxd5+ exd5 36. Rh4 Kb7 37. Rf4 Rf8 38. gxf8Q Rxf8 39. Kf2 Kc6 40. Ke3 Kc5 41. c3 a5 42. g4 a4 43. b4+ Kd6 44. g5 Ke5 45. g6 a3 1-0

[Event "BUL-chT (Women) 57th"]
[Site "Sunny Beach"]
[Date "2007.09.30"]
[Round "2.1"]
[White "Zlatanova, Emilia"]
[Black "Velcheva, Maria"]
[Result "0-1"]
[WhiteElo "2088"]
[BlackElo "2294"]
[PlyCount "56"]
[EventDate "2007.09.29"]
[EventType "team"]
[EventRounds "7"]
[EventCountry "BUL"]
[SourceTitle "CBM 120 Extra"]
[Source "ChessBase"]
[SourceDate "2007.11.01"]
[SourceVersion "1"]
[SourceVersionDate "2007.11.01"]
[SourceQuality "1"]

1. e4 c5 2. Nc3 Nc6 3. g3 g6 4. Bg2 Bg7 5. d3 d6 6. Be3 e6 7. Qd2 Nge7 8. Bh6 Bxh6 9. Qxh6 Nd4 10. Qd2 Rb8 11. Nd1 b5 12. c3 Ndc6 13. Ne2 b4 14. d4 cxd4 15. cxd4 Ba6 16. d5 exd5 17. exd5 Ne5 18. 0-0 Nc4 19. Qd4 0-0 20. Re1 Nf5 21. Qf4 Ne5 22. Nc1 Re8 23. Be4 Nd4 24. Kh1 f5 25. Qd2 fxe4 26. Qxd4 Nf3 27. Qe3 Qd7 28. Kg2 Bc8 0-1

[Event "Kesarovski Georgiev Memorial 5th"]
[Site "Sunny Beach"]
[Date "2006.09.04"]
[Round "3.14"]
[White "Rusev, Krasimir"]
[Black "Zlatanova, Emilia"]
[Result "1-0"]
[WhiteElo "2455"]
[BlackElo "2116"]
[PlyCount "69"]
[EventDate "2006.09.02"]
[EventType "swiss"]
[EventRounds "9"]
[EventCountry "BUL"]
[SourceTitle "CBM 114 Extra"]
[Source "ChessBase"]
[SourceDate "2006.11.03"]
[SourceVersion "1"]
[SourceVersionDate "2006.11.03"]
[SourceQuality "1"]

1. d4 Nf6 2. Bg5 Ne4 3. Bf4 d5 4. e3 g6 5. Bd3 Bg7 6. Bxe4 dxe4 7. Nc3 c5 8. Nge2 f5 9. h4 Nc6 10. d5 Ne5 11. h5 Nc4 12. b3 Nd6 13. Qd2 Bd7 14. a4 Qa5 15. Rb1 a6 16. Nxe4 Qxd2+ 17. Nxd2 b5 18. axb5 axb5 19. c3 Ra2 20. f3 0-0 21. hxg6 hxg6 22. Bh6 Bxh6 23. Rxh6 Kg7 24. Rh1 Rfa8 25. Kd1 Nf7 26. Nc1 R2a7 27. Nd3 Rc8 28. c4 Nd6 29. Ke2 e6 30. Ra1 Rca8 31. Rxa7 Rxa7 32. Nxc5 exd5 33. cxd5 b4 34. Nxd7 Rxd7 35. Kd3 1-0

[Event "Kesarovski Georgiev Memorial 5th"]
[Site "Sunny Beach"]
[Date "2006.09.02"]
[Round "1.3"]
[White "Georgiev, Krum"]
[Black "Zlatanova, Emilia"]
[Result "1-0"]
[WhiteElo "2485"]
[BlackElo "2116"]
[PlyCount "101"]
[EventDate "2006.09.02"]
[EventType "swiss"]
[EventRounds "9"]
[EventCountry "BUL"]
[SourceTitle "CBM 114 Extra"]
[Source "ChessBase"]
[SourceDate "2006.11.03"]
[SourceVersion "1"]
[SourceVersionDate "2006.11.03"]
[SourceQuality "1"]

1. e4 e5 2. Nf3 Nc6 3. Bb5 a6 4. Ba4 Nf6 5. 0-0 Be7 6. Re1 b5 7. Bb3 d6 8. c3 0-0 9. d3 Na5 10. Bc2 c5 11. Nbd2 Be6 12. h3 Re8 13. Nf1 Bf8 14. Bg5 h6 15. Bh4 g6 16. d4 cxd4 17. cxd4 Bg7 18. d5 Bd7 19. N3d2 Rc8 20. Ne3 Nc4 21. Ndxc4 bxc4 22. Qf3 c3 23. b3 g5 24. Bg3 Qa5 25. Bd3 c2 26. Nc4 Qb4 27. Bxc2 Bb5 28. a3 Qc5 29. Ne3 Qc3 30. Qd1 Qd4 31. a4 Qxd1 32. Raxd1 Bd7 33. Nc4 Bf8 34. Ra1 Nh5 35. Bd1 Nf4 36. Bg4 Bxg4 37. hxg4 Nd3 38. Re3 Nb4 39. Rc1 h5 40. f3 hxg4 41. Be1 a5 42. Bxb4 axb4 43. fxg4 Be7 44. Rf3 Kg7 45. Rcf1 f6 46. Rh3 Rh8 47. Kf2 Rxh3 48. gxh3 Kf7 49. Rh1 Ke8 50. h4 gxh4 51. Rxh4 1-0